Circuits and Networks: Analysis and Synthesis / (Record no. 10805)
[ view plain ]
| 000 -LEADER | |
|---|---|
| fixed length control field | 00467cam a2200169ua 4500 |
| 003 - CONTROL NUMBER IDENTIFIER | |
| control field | OSt |
| 008 - FIXED-LENGTH DATA ELEMENTS--GENERAL INFORMATION | |
| fixed length control field | 241226b |||||||| |||| 00| 0 eng d |
| 020 ## - INTERNATIONAL STANDARD BOOK NUMBER | |
| ISBN | 9780070699724 |
| 082 ## - DEWEY DECIMAL CLASSIFICATION NUMBER | |
| Classification number | 621.3192 |
| Item number | SUD/CI |
| 100 ## - MAIN ENTRY--AUTHOR NAME | |
| Personal name | Sudhakar, A . |
| 100 ## - MAIN ENTRY--AUTHOR NAME | |
| Personal name | Shyammohan, S.P . |
| 245 ## - TITLE STATEMENT | |
| Title | Circuits and Networks: Analysis and Synthesis / |
| 250 ## - EDITION STATEMENT | |
| Edition statement | 4 / |
| 260 ## - PUBLICATION, DISTRIBUTION, ETC. (IMPRINT) | |
| Place of publication | New Delhi : |
| Name of publisher | Tata Mc-Graw Hill Publishing Company , |
| Year of publication | 2007. |
| 300 ## - PHYSICAL DESCRIPTION | |
| Number of Pages | 972 |
| 942 ## - ADDED ENTRY ELEMENTS (KOHA) | |
| Koha item type | Books |
| Withdrawn status | Lost status | Damaged status | Home library | Current library | Date acquired | Full call number | Accession Number | Koha item type | Collection code | Shelving location | Source of acquisition | Cost, normal purchase price |
|---|---|---|---|---|---|---|---|---|---|---|---|---|
| KAUAET | KAUAET | 07/04/2012 | 621.3192 SUD/CI | 18582 | Books | |||||||
| KAUAET | KAUAET | 07/04/2012 | 621.3192 SUD/CI | 22244 | Books | |||||||
| KAUAET | KAUAET | 07/04/2012 | 621.3192 SUD/CI | 22245 | Books | |||||||
| KAUAET | KAUAET | 07/04/2012 | 621.3192 SUD/CI | 22246 | Books | |||||||
| KAUAET | KAUAET | 07/04/2012 | 621.3192 SUD/CI | 22247 | Books | |||||||
| KAUAET | KAUAET | 07/05/2012 | 621.3192 SUD/CI | 22480 | Books | Non-fiction | General Stacks | |||||
| KAUAET | KAUAET | 07/05/2012 | 621.3192 SUD/CI | 22481 | Books | Non-fiction | General Stacks | |||||
| KAUAET | KAUAET | 07/05/2012 | 621.3192 SUD/CI | 22482 | Books | Non-fiction | General Stacks | |||||
| KAUAET | KAUAET | 07/05/2012 | 621.3192 SUD/CI | 22483 | Books | Non-fiction | General Stacks | |||||
| KAUAET | KAUAET | 07/05/2012 | 621.3192 SUD/CI | 22484 | Books | Non-fiction | General Stacks | |||||
| KAUAET | KAUAET | 13/03/2013 | 621.3192 SUD/CI | BB 207 | Book Bank scheme for SC students | Non-fiction | Scheme | Calicut Book Distributors | 399.00 | |||
| KAUAET | KAUAET | 13/03/2013 | 621.3192 SUD/CI | BB 208 | Book Bank scheme for SC students | Non-fiction | Scheme | Calicut Book Distributors | 399.00 |
